000 01639nam0a2200361 4500
001 RU\NLR\bibl\1438092
005 20250615223650.0
010 _a978-5-904319-09-0
_9600
021 _aRU
_b2009-75651
_94724
035 _a(nilc)RSL-KNO-004387106
035 _a(NLR Aleph) 001429961
090 _a1396378
_c1396378
100 _a20090914d2009 |||y0rusy50 ca
101 0 _arus
102 _aRU
105 _ay |||||||||
200 1 _aПоследний из сторожевых
_eстихи
_fСемен Краснов
_gМинистерство культуры и молодежной политики Самарской области и Самарская областная писательская организация
210 _aСамара
_cРусское эхо
_d2009
215 _a79 с.
_d20
225 1 _aНародная библиотека Самарской губернии
320 _aСодерж. циклы: Поэзия - мерцание души; Девочка поет на клиросе; Сон, оборванный вначале; Лукоречье; тишина черно-белых аллей; Боль и надежда; Московский цикл "Тверской бульвар, 25"
686 _aШ5(2=Р)75-65я44
_2rubbk
686 _aШ6(2=Р)8-5
700 1 _aКраснов
_bС. В.
_gСемён Васильевич
_4070
801 0 _aRU
_bРКП
_c20090914
_grcr
801 1 _aRU
_bРГБ
_c20090914
801 2 _aRU
_bNLR
_c20091113
_grcr
830 _aавт. по кн.
942 _cBOOK
980 _aNB